LEADER 00992nam--2200361---450- 001 990003115170203316 005 20080605140020.0 010 $a2-7181-5079-6 035 $a000311517 035 $aUSA01000311517 035 $a(ALEPH)000311517USA01 035 $a000311517 100 $a20080605d1974----km-y0itay50------ba 101 $afre 102 $aFR 105 $a||||||||001yy 200 1 $aStructures de Tartuffe$fJacques Scherer 205 $aDeuxième édition revue et augmentée 210 $aParis$cSociete d'edition d'enseignement superieur$d1974 215 $a286 p.$d18 cm 410 0$12001 454 1$12001 461 1$1001-------$12001 606 0 $aTeatro francese$xCritica 700 1$aSCHERER,$bJacques$0158393 801 0$aIT$bsalbc$gISBD 912 $a990003115170203316 951 $aII.4.B.60$b3158$iDSLL 959 $aBK 969 $aDSLL 979 $aDSLL$b90$c20080605$lUSA01$h1400 996 $aStructures de Tartuffe$9954414 997 $aUNISA LEADER 01656oam 2200457 450 001 9910705413103321 005 20170426073257.0 035 $a(CKB)5470000002451260 035 $a(OCoLC)889723454 035 $a(EXLCZ)995470000002451260 100 $a20140901d1995 ua 0 101 0 $aeng 135 $aurn|||||||||| 181 $ctxt$2rdacontent 182 $cc$2rdamedia 183 $acr$2rdacarrier 200 00$aAge and diagenesis of the upper Floridan aquifer and the intermediate aquifer system in southwestern Florida /$fby Lucy McCartan [and seven others] 210 1$aWashington :$cUnited States Government Printing Office,$d1995. 215 $a1 online resource (iv, 26 pages) $cillustrations, maps 225 1 $aU.S. Geological Survey bulletin ;$v2122 300 $aTitle from title screen (viewed August 28, 2014). 300 $aAlso available online in PDF format from the U.S. Geological Survey Warehouse (http://pubs.er.usgs.gov/). 320 $aIncludes bibliographical references (pages 22-26). 606 $aGroundwater$zFlorida 606 $aGroundwater$2fast 607 $aFloridan Aquifer 607 $aFlorida$2fast 607 $aUnited States$zFloridan Aquifer$2fast 615 0$aGroundwater 615 7$aGroundwater. 700 $aMcCartan$b Lucy$0959260 712 02$aGeological Survey (U.S.), 801 0$bCOP 801 1$bCOP 801 2$bOCLCO 801 2$bOCLCF 801 2$bGPO 906 $aBOOK 912 $a9910705413103321 996 $aAge and diagenesis of the upper Floridan aquifer and the intermediate aquifer system in southwestern Florida$93528546 997 $aUNINA